000 00319pam a2200157a 44500
008 230515b1917 xxu||||| |||| 00| 0 eng d
020 _aNULL
041 _aMARATHI
082 _a1
100 _aJOSHI
245 _aPRANAYAM
250 _a1
260 _aSANGALI
_bN.D.
_c1917
300 _a100
650 _aPRANAYAM
999 _c496946
_d496946